Phương pháp dịch báo chí tiếng Anh

Sách trình bày phương pháp lược dịch và tổng hợp các bản tin; cung cấp những từ, thành ngữ, đặc ngữ, tiếng lóng thông dụng, những từ nước ngoài thường xuất hiện trên báo chí tiếng Anh hiện hành....

Disgrifiad llawn

Wedi'i Gadw mewn:
Manylion Llyfryddiaeth
Prif Awdur: Lê Đình Bì
Fformat: Llyfr
Iaith:Undetermined
Cyhoeddwyd: Tp. HCM Văn Nghệ 1999
Pynciau:
Tagiau: Ychwanegu Tag
Dim Tagiau, Byddwch y cyntaf i dagio'r cofnod hwn!
Thư viện lưu trữ: Trung tâm Học liệu Trường Đại học Cần Thơ
LEADER 00902nam a2200181Ia 4500
001 CTU_42494
008 210402s9999 xx 000 0 und d
082 |a 428.02 
082 |b B300 
100 |a Lê Đình Bì 
245 0 |a Phương pháp dịch báo chí tiếng Anh 
245 0 |c Lê Đình Bì 
260 |a Tp. HCM 
260 |b Văn Nghệ 
260 |c 1999 
520 |a Sách trình bày phương pháp lược dịch và tổng hợp các bản tin; cung cấp những từ, thành ngữ, đặc ngữ, tiếng lóng thông dụng, những từ nước ngoài thường xuất hiện trên báo chí tiếng Anh hiện hành. 
650 |a english language - study and teaching,english language - textbooks for foreign speakers,english language - translating 
980 |a Trung tâm Học liệu Trường Đại học Cần Thơ